| 000 | 00685cam a2200193 i 4500 | ||
|---|---|---|---|
| 005 | 20260125115928.0 | ||
| 008 | 250721s2002 jo gr 000 0 ara d | ||
| 082 | 1 | 4 |
_aم/346.02 _bع ج ل |
| 100 | 1 |
_aالعجلوني، أحمد _eمؤلف. |
|
| 245 | 1 | 0 |
_aالتعاقد عن طريق الإنترنت / _cتأليف أحمد خالد العجلوني. |
| 250 | _aالطبعة الأولى. | ||
| 264 | 3 | 1 |
_aعمان : _bالدار العلمية الدولية، _c2002. |
| 300 | _a129 صفحة. | ||
| 650 | 1 | 7 | _aالقانون التجاري. |
| 650 | 1 | 7 | _aالتعاقد. |
| 650 | 1 | 7 | _aشبكات الحواسيب. |
| 942 |
_2ddc _cBK |
||
| 999 |
_c84963 _d84963 |
||